[Event "Skopje MKD"]
[Site "Skopje MKD"]
[Date "2014.04.03"]
[Round "7.73"]
[White "Grigoriadis, Alexandros"]
[Black "Serefidou, Despina"]
[Result "1-0"]
[WhiteElo "2255"]
[BlackElo "1916"]
[PlyCount "71"]
[EventDate "2014.03.29"]
[EventType "swiss"]
[EventRounds "9"]

1. Nf3 Nf6 2. c4 e6 3. g3 d5 4. b3 d4 5. Bb2 Nc6 6. d3 e5 7. Bg2 Bc5 8. O-O O-O
9. Na3 h6 10. Nc2 Re8 11. a3 a5 12. Nd2 Bg4 13. Re1 Nh7 14. h3 Be6 15. Kh2 Qd7
16. Nf3 Ng5 17. Nxg5 hxg5 18. Qd2 f6 19. b4 Be7 20. b5 Nd8 21. e3 Bc5 22. exd4
exd4 23. Re4 f5 24. Re5 Qd6 25. Re2 c6 26. bxc6 bxc6 27. Qxg5 Rb8 28. Ne1 Rb3
29. Qc1 Nf7 30. f4 Reb8 31. Ra2 Kh7 32. Qa1 a4 33. Bf1 R8b7 34. Nf3 Rd7 35. Qe1
Nd8 36. Ng5+ 1-0

[Event "Skopje MKD"]
[Site "Skopje MKD"]
[Date "2014.04.03"]
[Round "7.74"]
[White "Videnova, Iva"]
[Black "Cvetkovski, Slobodan"]
[Result "1-0"]
[WhiteElo "2251"]
[BlackElo "1876"]
[PlyCount "39"]
[EventDate "2014.03.29"]
[EventType "swiss"]
[EventRounds "9"]

1. e4 e6 2. d4 d5 3. Nc3 Bb4 4. a3 Bxc3+ 5. bxc3 dxe4 6. Qg4 g6 7. Qxe4 Qd5 8.
Qxd5 exd5 9. Bf4 c6 10. O-O-O Be6 11. Re1 b5 12. Rxe6+ fxe6 13. Be5 Nf6 14.
Bxf6 Rf8 15. Bh4 Nd7 16. Nf3 Rc8 17. Bd3 Nf6 18. Ne5 a6 19. Re1 Nd7 20. Nxg6
1-0

[Event "Skopje MKD"]
[Site "Skopje MKD"]
[Date "2014.04.03"]
[Round "7.75"]
[White "Jefic, Srdjan"]
[Black "Citoler Serrat, Adriano"]
[Result "1-0"]
[WhiteElo "2214"]
[BlackElo "1871"]
[PlyCount "63"]
[EventDate "2014.03.29"]
[EventType "swiss"]
[EventRounds "9"]

1. e4 c5 2. Nf3 g6 3. Nc3 Bg7 4. g3 Nc6 5. d3 Nf6 6. Bg2 d5 7. Nd2 d4 8. Ne2 e5
9. O-O O-O 10. f4 Be6 11. fxe5 Ng4 12. Nf3 Ncxe5 13. Nf4 Nxf3+ 14. Bxf3 Ne5 15.
Bg2 Bg4 16. Qe1 c4 17. dxc4 Rc8 18. h3 Bd7 19. b3 b5 20. Ba3 Re8 21. c5 a5 22.
Rd1 b4 23. Bb2 Rxc5 24. Rf2 Nc6 25. Nd3 Rb5 26. Qd2 Qc8 27. Rdf1 Bxh3 28. Rxf7
Bxg2 29. Qxg2 Qe6 30. Qf2 Rh5 31. Rc7 Qxe4 32. Qf7+ 1-0

[Event "Skopje MKD"]
[Site "Skopje MKD"]
[Date "2014.04.03"]
[Round "7.76"]
[White "Grigoriadis, Mihail"]
[Black "Petrov, Georgi"]
[Result "0-1"]
[WhiteElo "1940"]
[BlackElo "2210"]
[PlyCount "68"]
[EventDate "2014.03.29"]
[EventType "swiss"]
[EventRounds "9"]

1. e4 c5 2. Nf3 Nc6 3. d4 cxd4 4. Nxd4 Qb6 5. Nb3 Nf6 6. Nc3 e6 7. Be3 Qc7 8.
Bd3 a6 9. Qe2 d6 10. O-O-O b5 11. f4 Be7 12. Rhe1 Bb7 13. Bf2 Nd7 14. Nd5 Qd8
15. Nxe7 Qxe7 16. Qg4 O-O 17. Bh4 f6 18. Qh3 e5 19. f5 Nc5 20. Bf2 Nb4 21. Kb1
Nbxd3 22. cxd3 Nxb3 23. axb3 d5 24. exd5 Bxd5 25. d4 e4 26. Re3 Rfc8 27. Be1 b4
28. Bd2 a5 29. Qh4 a4 30. Rh3 h6 31. Rc1 axb3 32. Rxc8+ Rxc8 33. Qf4 Qa7 34.
Bc3 bxc3 0-1

[Event "Skopje MKD"]
[Site "Skopje MKD"]
[Date "2014.04.03"]
[Round "7.77"]
[White "Dragnev, Valentin"]
[Black "Injac, Teodora"]
[Result "1/2-1/2"]
[WhiteElo "2205"]
[BlackElo "1871"]
[PlyCount "163"]
[EventDate "2014.03.29"]
[EventType "swiss"]
[EventRounds "9"]

1. c4 g6 2. g3 Bg7 3. Bg2 c5 4. Nc3 Nc6 5. Nf3 Nf6 6. d4 cxd4 7. Nxd4 O-O 8.
O-O Qa5 9. Nc2 d6 10. Bd2 Qh5 11. e4 Qxd1 12. Raxd1 Bg4 13. f3 Be6 14. b3 Rfd8
15. f4 Rac8 16. h3 Ne8 17. Ne3 Nc7 18. Ncd5 Bd7 19. Kh2 Nxd5 20. Nxd5 Kf8 21.
a4 Nd4 22. Rb1 e6 23. Ne3 Ke7 24. Kh1 Bc6 25. Rf2 f5 26. exf5 gxf5 27. Bc3
Bxg2+ 28. Kxg2 Bf6 29. Re1 Kf7 30. Bxd4 Bxd4 31. Rfe2 Bxe3 32. Rxe3 Re8 33. g4
Rc5 34. Kf3 Kf6 35. Rd1 Rc6 36. Red3 Rd8 37. Rg1 Rg8 38. Rgd1 Rd8 39. gxf5 Kxf5
40. Rg1 Kf6 41. Rg5 b6 42. Ke4 Rc5 43. Rg2 Rd7 44. Rgd2 Ke7 45. Rd4 Rh5 46.
R2d3 Rh4 47. Rf3 a5 48. Kd3 Rh5 49. Ke4 Rh4 50. Rdd3 Rh5 51. f5 Rh4+ 52. Rf4
d5+ 53. Ke5 Rxf4 54. Kxf4 exf5 55. Rxd5 Rxd5 56. cxd5 Kd6 57. Kxf5 Kxd5 58. Kg5
Kc5 59. Kh6 Kb4 60. Kxh7 Kxb3 61. h4 Kxa4 62. h5 b5 63. h6 b4 64. Kg7 b3 65. h7
b2 66. h8=Q b1=Q 67. Qe8+ Qb5 68. Qe4+ Qb4 69. Qc2+ Ka3 70. Qd3+ Qb3 71. Qd6+
Ka2 72. Kh7 a4 73. Qd2+ Qb2 74. Qd5+ Ka1 75. Kh6 a3 76. Qe4 Qc1+ 77. Kh5 Qc3
78. Qh1+ Kb2 79. Qg2+ Qc2 80. Qg7+ Kb1 81. Qg1+ Kb2 82. Qg7+ 1/2-1/2

[Event "Skopje MKD"]
[Site "Skopje MKD"]
[Date "2014.04.03"]
[Round "7.78"]
[White "Emmanouilidis, Athanasios"]
[Black "Zugaj, Fjodor"]
[Result "1/2-1/2"]
[WhiteElo "1850"]
[BlackElo "2194"]
[PlyCount "49"]
[EventDate "2014.03.29"]
[EventType "swiss"]
[EventRounds "9"]

1. d4 e6 2. c4 Nf6 3. Nc3 Bb4 4. Nf3 b6 5. g3 Bb7 6. Bg2 c5 7. O-O O-O 8. Bf4
cxd4 9. Nxd4 Bxg2 10. Kxg2 Bxc3 11. bxc3 d5 12. Nb5 Nc6 13. Bd6 Re8 14. Ba3 Ne4
15. cxd5 exd5 16. Nd6 Nxd6 17. Qxd5 Rc8 18. Bxd6 Na5 19. Rad1 Nc4 20. Rfe1 Nxd6
21. Qxd6 Qxd6 22. Rxd6 Rxc3 23. Rd7 Ra3 24. Rd2 g6 25. Rc1 1/2-1/2

[Event "Skopje MKD"]
[Site "Skopje MKD"]
[Date "2014.04.03"]
[Round "7.79"]
[White "Megalios, Konstantinos"]
[Black "Aydin, Kaan Ayhan"]
[Result "1-0"]
[WhiteElo "2192"]
[BlackElo "1795"]
[PlyCount "63"]
[EventDate "2014.03.29"]
[EventType "swiss"]
[EventRounds "9"]

1. d4 Nf6 2. c4 g6 3. Nc3 d5 4. Nf3 Bg7 5. Bf4 O-O 6. Rc1 c6 7. e3 Qa5 8. Bd3
Nbd7 9. O-O Nh5 10. Bg5 dxc4 11. Bxc4 Nb6 12. Bb3 Nf6 13. Ne5 e6 14. Bh4 Nfd5
15. Ne4 f6 16. Nd3 Nd7 17. Nd6 Qd8 18. e4 Nc7 19. Bg3 Nb6 20. Nc5 Nb5 21. Nxc8
Rxc8 22. Nxe6 Qe7 23. Nxf8+ Kxf8 24. d5 Rd8 25. Re1 Bh6 26. Ra1 Qc5 27. Qf3 Kg7
28. Rad1 Nd4 29. Qc3 Nxb3 30. axb3 Qxc3 31. bxc3 cxd5 32. exd5 1-0

[Event "Skopje MKD"]
[Site "Skopje MKD"]
[Date "2014.04.03"]
[Round "7.80"]
[White "Halmeenmaki, Tuomo"]
[Black "Arda, Cagil Irmak"]
[Result "1/2-1/2"]
[WhiteElo "2177"]
[BlackElo "1753"]
[PlyCount "58"]
[EventDate "2014.03.29"]
[EventType "swiss"]
[EventRounds "9"]

1. Nf3 Nf6 2. g3 b6 3. Bg2 Bb7 4. O-O e6 5. d3 d5 6. Nbd2 Be7 7. e4 dxe4 8.
dxe4 Nbd7 9. e5 Ne4 10. Nxe4 Bxe4 11. Qe2 Bb7 12. Rd1 c5 13. Bf4 Qc7 14. Rd2
O-O 15. Rad1 Rfd8 16. h4 Nf8 17. h5 h6 18. g4 Rxd2 19. Nxd2 Bxg2 20. Kxg2 Rd8
21. Ne4 Rxd1 22. Qxd1 Nd7 23. Nd6 Qc6+ 24. f3 Bxd6 25. exd6 Qd5 26. Qxd5 exd5
27. Bg3 f5 28. gxf5 Kf7 29. Kh3 d4 1/2-1/2

[Event "Skopje MKD"]
[Site "Skopje MKD"]
[Date "2014.04.03"]
[Round "7.81"]
[White "Westerberg, Jonathan"]
[Black "Uzumcu, Ahmet Utku"]
[Result "1-0"]
[WhiteElo "2402"]
[BlackElo "1681"]
[PlyCount "67"]
[EventDate "2014.03.29"]
[EventType "swiss"]
[EventRounds "9"]

1. e4 e5 2. Nf3 Nc6 3. Bc4 Nf6 4. d4 exd4 5. e5 d5 6. Bb5 Ne4 7. Nxd4 Bd7 8.
Bxc6 bxc6 9. O-O Bc5 10. f3 Ng5 11. f4 Ne4 12. Be3 O-O 13. Nd2 Nxd2 14. Qxd2
Bb6 15. Nb3 Qe7 16. Qc3 Bxe3+ 17. Qxe3 Bf5 18. Nd4 Bd7 19. f5 Qh4 20. Rf4 Qg5
21. Nf3 Qh6 22. f6 Rfb8 23. b3 Rb4 24. c4 dxc4 25. Re1 Be6 26. Nd4 Re8 27. Nxe6
Rxe6 28. Qxa7 Re8 29. Qf2 Re6 30. fxg7 Qxg7 31. Rf1 Qxe5 32. Rg4+ Kh8 33. Qxf7
Rb8 34. Qf8+ 1-0

[Event "Skopje MKD"]
[Site "Skopje MKD"]
[Date "2014.04.03"]
[Round "7.82"]
[White "Jorgensen, Line Jin"]
[Black "Nikolova, Adriana"]
[Result "0-1"]
[WhiteElo "1923"]
[BlackElo "2341"]
[PlyCount "152"]
[EventDate "2014.03.29"]
[EventType "swiss"]
[EventRounds "9"]

1. d4 d5 2. c4 c6 3. Nf3 Nf6 4. Nc3 dxc4 5. a4 Bf5 6. e3 e6 7. Bxc4 Bb4 8. O-O
Nbd7 9. Bd2 O-O 10. Qe2 Bg6 11. Rfd1 Qa5 12. e4 Bh5 13. e5 Nd5 14. Ne4 Bxd2 15.
Qxd2 Qxd2 16. Rxd2 Nb4 17. Ne1 Rfd8 18. a5 b6 19. f4 bxa5 20. Rxa5 Nb6 21. Bb3
N6d5 22. g3 Bg6 23. Nd6 Ne3 24. Kf2 Nf5 25. Nxf5 Bxf5 26. Bc4 Rd7 27. Ke3 Rad8
28. Rc5 h5 29. Ra5 Kf8 30. Rc5 Ke7 31. Ra5 Rb8 32. Ra3 Rdb7 33. b3 f6 34. Kf2
Be4 35. Nd3 Bxd3 36. Bxd3 c5 37. Bg6 Rd7 38. exf6+ gxf6 39. d5 Nxd5 40. Bxh5
Rh8 41. g4 Nxf4 42. Rxd7+ Kxd7 43. Rxa7+ Kd6 44. Ra6+ Kd5 45. Bf7 Ke5 46. Kg1
Rh4 47. Bh5 f5 48. Ra5 fxg4 49. Be8 Kd6 50. Bb5 Kd5 51. Ba6 Kd4 52. Ra4+ Ke3
53. Ra3 Kd2 54. Ra5 Rh5 55. Ra4 Rf5 56. Re4 Kc3 57. Bc4 e5 58. Kf2 Nh5+ 59. Ke2
Rg5 60. Kf2 Nf6 61. Re1 Rf5+ 62. Ke2 Rh5 63. Kf1 e4 64. Kg2 Kd4 65. Rd1+ Ke5
66. Re1 Rh3 67. Bf7 Rc3 68. Re2 Kf4 69. Be6 e3 70. Re1 Rc2+ 71. Kg1 Ne4 72.
Bxg4 Kxg4 73. Rxe3 Kf4 74. Rd3 Nd2 75. h4 Nf3+ 76. Kf1 Kg3 0-1

[Event "Skopje MKD"]
[Site "Skopje MKD"]
[Date "2014.04.03"]
[Round "7.83"]
[White "Papp, Petra"]
[Black "Graeffe, Petri"]
[Result "1-0"]
[WhiteElo "2302"]
[BlackElo "1996"]
[PlyCount "41"]
[EventDate "2014.03.29"]
[EventType "swiss"]
[EventRounds "9"]

1. e4 c5 2. Nf3 e6 3. d4 cxd4 4. Nxd4 a6 5. c4 Nf6 6. Nc3 Qc7 7. a3 b6 8. Be2
Bb7 9. f3 Nc6 10. b4 Bd6 11. Ndb5 axb5 12. Nxb5 Bxb4+ 13. axb4 Qb8 14. Nd6+ Kf8
15. Rxa8 Bxa8 16. b5 Ne7 17. O-O Ne8 18. Ba3 f6 19. Qd2 Nxd6 20. Bxd6 Qb7 21.
Qb4 1-0

[Event "Skopje MKD"]
[Site "Skopje MKD"]
[Date "2014.04.03"]
[Round "7.84"]
[White "Asani, Adem"]
[Black "Thiel, Kuno"]
[Result "0-1"]
[WhiteElo "1991"]
[BlackElo "2168"]
[PlyCount "110"]
[EventDate "2014.03.29"]
[EventType "swiss"]
[EventRounds "9"]

1. d4 Nf6 2. Nf3 e6 3. Bg5 h6 4. Bh4 b6 5. Nbd2 Bb7 6. e3 d6 7. Bg3 Nh5 8. Bd3
Nxg3 9. hxg3 Nd7 10. c3 g6 11. Qc2 Qe7 12. Nh4 g5 13. Nhf3 Bg7 14. O-O-O a6 15.
Kb1 c5 16. Rh2 Rc8 17. Rdh1 g4 18. Ne1 cxd4 19. exd4 Bxd4 20. Rxh6 Rxh6 21.
Rxh6 Bxf2 22. Qd1 Ne5 23. Ne4 Bxe4 24. Bxe4 Bxe1 25. Qxe1 Qg5 26. Rh1 Rc7 27.
Qf2 Nc4 28. Bd3 Qd2 29. Qxd2 Nxd2+ 30. Kc2 Nc4 31. b3 Ne3+ 32. Kd2 Nd5 33. c4
Nb4 34. Bb1 a5 35. Re1 Kd7 36. a3 Nc6 37. Rh1 Ne5 38. a4 Rc8 39. Be4 Rc5 40.
Rh4 Rc8 41. Ke3 Rf8 42. Rh1 Kc7 43. Kd4 f5 44. Bc2 Rf7 45. Rh6 Nc6+ 46. Ke3 e5
47. Rh5 Nd4 48. Bd1 Kc6 49. Rh6 Kc5 50. Rh8 Rc7 51. Rh6 Rc6 52. Rh8 Kb4 53. Rh5
Nxb3 54. Rxf5 Rxc4 55. Rf6 Rd4 0-1

[Event "Skopje MKD"]
[Site "Skopje MKD"]
[Date "2014.04.03"]
[Round "7.85"]
[White "Brzezinski, Adam"]
[Black "Taylor, Robert Graham"]
[Result "1-0"]
[WhiteElo "2165"]
[BlackElo "1945"]
[PlyCount "79"]
[EventDate "2014.03.29"]
[EventType "swiss"]
[EventRounds "9"]

1. Nf3 Nf6 2. c4 e6 3. g3 d5 4. Bg2 c6 5. b3 Bd6 6. Bb2 O-O 7. O-O Nbd7 8. d4
Qe7 9. Nc3 b6 10. Qc2 Bb7 11. Rfd1 Rac8 12. e4 dxe4 13. Ng5 h6 14. Ngxe4 Nxe4
15. Nxe4 Bb8 16. a4 f5 17. Nc3 Qf7 18. a5 Qh5 19. a6 Ba8 20. c5 f4 21. Ne4 b5
22. b4 e5 23. dxe5 Nxe5 24. Qc3 Qf5 25. Nd6 Bxd6 26. Rxd6 Rce8 27. Re1 Nf3+ 28.
Bxf3 Rxe1+ 29. Qxe1 fxg3 30. Qe6+ Qxe6 31. Rxe6 gxh2+ 32. Kh1 Rxf3 33. Re8+ Kf7
34. Rxa8 Rb3 35. Rxa7+ Ke6 36. Re7+ Kxe7 37. a7 Rxb2 38. a8=Q Rxb4 39. Qxc6 Kf7
40. Qd7+ 1-0

[Event "Skopje MKD"]
[Site "Skopje MKD"]
[Date "2014.04.03"]
[Round "7.86"]
[White "Kollari, Suleyman"]
[Black "Angjelovski, Daniel"]
[Result "1/2-1/2"]
[WhiteElo "2104"]
[BlackElo "1913"]
[PlyCount "62"]
[EventDate "2014.03.29"]
[EventType "swiss"]
[EventRounds "9"]

1. e4 c5 2. Nf3 d6 3. d4 cxd4 4. Nxd4 Nf6 5. Nc3 g6 6. Be2 Bg7 7. Be3 Nc6 8.
Qd2 O-O 9. O-O-O a6 10. h4 Nxd4 11. Bxd4 h5 12. f3 b5 13. Nd5 Nxd5 14. exd5
Bxd4 15. Qxd4 Qa5 16. Kb1 Bf5 17. g4 hxg4 18. fxg4 e5 19. dxe6 Bxe6 20. b3 Rac8
21. h5 Rxc2 22. Kxc2 Qxa2+ 23. Kd3 Bxb3 24. Rd2 Qa3 25. Ke4 f5+ 26. gxf5 d5+
27. Ke3 Bc4+ 28. Kf2 Rxf5+ 29. Ke1 Bxe2 30. Rxe2 Qc1+ 31. Qd1 Qc3+ 1/2-1/2

[Event "Skopje MKD"]
[Site "Skopje MKD"]
[Date "2014.04.03"]
[Round "7.87"]
[White "Golubovic, Tomislav"]
[Black "Arizanov, Tome"]
[Result "0-1"]
[WhiteElo "1855"]
[BlackElo "2078"]
[PlyCount "66"]
[EventDate "2014.03.29"]
[EventType "swiss"]
[EventRounds "9"]

1. e4 g6 2. d4 Bg7 3. Nf3 d6 4. Nc3 Nf6 5. h3 O-O 6. Be3 b6 7. Qd2 c6 8. Bh6
Na6 9. Bxg7 Kxg7 10. O-O-O b5 11. Qe3 b4 12. Na4 Qa5 13. b3 Bd7 14. Bxa6 Qxa6
15. Kb1 c5 16. Nb2 Qc6 17. e5 Nd5 18. Qg5 f6 19. exf6+ exf6 20. Qd2 Nc3+ 21.
Ka1 Nxd1 22. Rxd1 Rf7 23. dxc5 dxc5 24. Nc4 a5 25. Nce5 fxe5 26. Nxe5 Qf6 27.
f4 Be6 28. Kb1 Rc7 29. g4 a4 30. g5 Qf5 31. Qd6 Raa7 32. Qd8 axb3 33. axb3 Rc8
0-1

[Event "Skopje MKD"]
[Site "Skopje MKD"]
[Date "2014.04.03"]
[Round "7.88"]
[White "Velikic, Adela"]
[Black "Tairi, Krenar"]
[Result "1-0"]
[WhiteElo "2078"]
[BlackElo "1886"]
[PlyCount "79"]
[EventDate "2014.03.29"]
[EventType "swiss"]
[EventRounds "9"]

1. e4 d5 2. exd5 Qxd5 3. Nc3 Qa5 4. d4 Nf6 5. Nf3 c6 6. Bc4 Bf5 7. O-O e6 8.
Re1 Bd6 9. Bg5 Nbd7 10. d5 cxd5 11. Nxd5 Nxd5 12. Bxd5 Qc7 13. Bxb7 Bxh2+ 14.
Nxh2 Qxb7 15. Qd6 Nf6 16. Qe5 Qe7 17. Qb5+ Kf8 18. Nf3 h6 19. Bd2 Qd7 20. Qb4+
Kg8 21. c4 Ne4 22. Bf4 a5 23. Qb6 Qa7 24. Qxa7 Rxa7 25. Ne5 Kf8 26. Rad1 g5 27.
Be3 Rb7 28. f3 Nf6 29. Bd4 Rh7 30. Bc3 Ne8 31. Bxa5 f6 32. Nc6 Rxb2 33. Bb4+
Kf7 34. Rd7+ Kg6 35. Ne7+ Kh5 36. g4+ Bxg4 37. fxg4+ Kxg4 38. a3 Kg3 39. Rd3+
Kg4 40. Re4+ 1-0

[Event "Skopje MKD"]
[Site "Skopje MKD"]
[Date "2014.04.03"]
[Round "7.89"]
[White "Spelec, Darko"]
[Black "Gjeorgjievski, Done"]
[Result "1/2-1/2"]
[WhiteElo "2033"]
[BlackElo "1784"]
[PlyCount "98"]
[EventDate "2014.03.29"]
[EventType "swiss"]
[EventRounds "9"]

1. d4 Nf6 2. Nf3 g6 3. h3 Bg7 4. Bf4 O-O 5. e3 d6 6. Be2 Nbd7 7. Bh2 Re8 8. O-O
c6 9. Nbd2 e5 10. Nc4 e4 11. Nfd2 d5 12. Nd6 Re6 13. c4 Bf8 14. c5 Ne8 15. Nxc8
Qxc8 16. b4 Be7 17. Qb3 Bd8 18. f3 exf3 19. Bxf3 Nef6 20. Rae1 Bc7 21. e4 Bxh2+
22. Kxh2 dxe4 23. Nxe4 Nxe4 24. Rxe4 Qc7+ 25. g3 Rae8 26. Rxe6 Rxe6 27. d5 cxd5
28. Qxd5 Nf6 29. Qd4 Qe7 30. Rf2 Ne4 31. Rb2 Ng5 32. Bg2 Re1 33. h4 Ne6 34. Qf2
Re5 35. Rd2 Ng7 36. Bh3 Nf5 37. Bxf5 Rxf5 38. Qd4 Re5 39. Qd8+ Kg7 40. Qxe7
Rxe7 41. Rc2 Re1 42. b5 Re7 43. c6 bxc6 44. bxc6 Rc7 45. Kh3 f5 46. g4 Kf6 47.
gxf5 Kxf5 48. Kg3 h6 49. Kf3 a6 1/2-1/2

[Event "Skopje MKD"]
[Site "Skopje MKD"]
[Date "2014.04.03"]
[Round "7.90"]
[White "Zekaj, Dritan"]
[Black "Rykov, Ivan"]
[Result "1-0"]
[WhiteElo "2031"]
[BlackElo "1783"]
[PlyCount "127"]
[EventDate "2014.03.29"]
[EventType "swiss"]
[EventRounds "9"]

1. d4 c5 2. c3 d5 3. Nf3 Nf6 4. Bf4 Bg4 5. e3 e6 6. Nbd2 Bd6 7. Qa4+ Nc6 8.
Bxd6 Qxd6 9. Ne5 c4 10. e4 O-O 11. Nxg4 Nxg4 12. Be2 Nh6 13. O-O Qf4 14. Qc2 f5
15. exd5 exd5 16. g3 Qd6 17. f4 g6 18. Nf3 Ng4 19. Qd2 Nf6 20. Ne5 Ne4 21. Qe3
b5 22. Bf3 a5 23. Bxe4 fxe4 24. Rf2 a4 25. a3 Ne7 26. g4 Qe6 27. Raf1 Kh8 28.
h3 Rf6 29. Kg2 Raf8 30. Qg3 Qc8 31. Kh2 Qe6 32. Qh4 e3 33. Re2 Rxf4 34. Rxf4
Rxf4 35. Rxe3 Qd6 36. Qg3 Qf6 37. Kg2 g5 38. Qe1 Ng6 39. Nxg6+ Qxg6 40. Re8+
Kg7 41. Qe5+ Rf6 42. Re6 Qc2+ 43. Qe2 Qg6 44. Re5 Qf7 45. Rxg5+ Kf8 46. Re5 h6
47. Re3 Kg8 48. Re8+ Kg7 49. Qe5 Qg6 50. Re6 Qc2+ 51. Qe2 Qg6 52. Re7+ Kf8 53.
Re3 Kg8 54. Re7 Kf8 55. Re5 Qf7 56. Qc2 Kg7 57. Qe2 Kf8 58. Qe3 Rf4 59. Qxf4
Qxf4 60. Rf5+ Qxf5 61. gxf5 Kf7 62. Kf3 Kg7 63. Kg4 Kf6 64. Kf4 1-0

[Event "Skopje MKD"]
[Site "Skopje MKD"]
[Date "2014.04.03"]
[Round "7.91"]
[White "Van der Merwe, Cecile Henriette"]
[Black "Karatrajkov, Nikola"]
[Result "1-0"]
[WhiteElo "2026"]
[BlackElo "1766"]
[PlyCount "46"]
[EventDate "2014.03.29"]
[EventType "swiss"]
[EventRounds "9"]

1. e4 c5 2. Nc3 Nc6 3. f4 d6 4. Nf3 Nf6 5. Bc4 e6 6. O-O Be7 7. d3 d5 8. Bb5
Qb6 9. exd5 exd5 10. Re1 d4 11. Bxc6+ Qxc6 12. Ne5 Qb6 13. Nc4 Qd8 14. Ne4 O-O
15. Qf3 Nd5 16. f5 f6 17. Bd2 b5 18. Ncd6 Nc7 19. Nxb5 Rb8 20. Nxc7 Qxc7 21.
Bf4 Qd7 22. Bxb8 Bb7 23. Qe2 Qxf5 1-0

[Event "Skopje MKD"]
[Site "Skopje MKD"]
[Date "2014.04.03"]
[Round "7.92"]
[White "Markovski, Velo"]
[Black "Nikolovski, Martin"]
[Result "1-0"]
[WhiteElo "2017"]
[BlackElo "1761"]
[PlyCount "87"]
[EventDate "2014.03.29"]
[EventType "swiss"]
[EventRounds "9"]

1. e4 d5 2. exd5 Qxd5 3. Nc3 Qa5 4. Bc4 e6 5. d3 c6 6. Bd2 Qd8 7. Qe2 Nf6 8. h4
Be7 9. Nh3 Nbd7 10. Ng5 Nb6 11. Bb3 a5 12. a4 Nbd5 13. g4 b5 14. Qf3 b4 15.
Nce4 Bb7 16. Nxf7 Kxf7 17. g5 Ke8 18. gxf6 gxf6 19. Rg1 f5 20. Ng5 Qd6 21.
O-O-O Bxg5 22. Rxg5 Kd8 23. Rg7 Kc8 24. Re1 c5 25. Qe2 Re8 26. Qh5 Bc6 27. Bxd5
Qxd5 28. Qxh7 Bd7 29. b3 e5 30. Re7 e4 31. Rxe8+ Bxe8 32. dxe4 Qd4 33. Be3 Qa1+
34. Kd2 Qc3+ 35. Kd1 fxe4 36. Qxe4 Bh5+ 37. f3 Ra7 38. Qc6+ Rc7 39. Qa8+ Kd7
40. Qd5+ Kc8 41. Qxh5 Rd7+ 42. Ke2 Qxc2+ 43. Kf1 Qxb3 44. Qe8+ 1-0

[Event "Skopje MKD"]
[Site "Skopje MKD"]
[Date "2014.04.03"]
[Round "7.95"]
[White "Piskur, Mitja"]
[Black "Imeri, Nazmidin"]
[Result "1-0"]
[WhiteElo "2285"]
[BlackElo "1904"]
[PlyCount "79"]
[EventDate "2014.03.29"]
[EventType "swiss"]
[EventRounds "9"]

1. d3 c6 2. f4 e6 3. e4 Bc5 4. Nf3 Nf6 5. d4 Be7 6. e5 Nd5 7. c4 Bb4+ 8. Kf2
Ne7 9. a3 Ba5 10. b4 Bc7 11. Nc3 d5 12. c5 Nd7 13. Bd3 h6 14. h4 a5 15. Be3 b6
16. Qe2 f5 17. b5 Nb8 18. a4 O-O 19. Rab1 Bd7 20. Nd2 Be8 21. Nb3 h5 22. Qd1
cxb5 23. Bxb5 Nbc6 24. Be2 g6 25. Nb5 Nb4 26. Bd2 Nec6 27. Rh3 Qe7 28. Bxb4
axb4 29. Nxc7 Qxc7 30. Bb5 Na5 31. cxb6 Qxb6 32. Nc5 Bxb5 33. Rxb4 Bxa4 34.
Qxa4 Qc6 35. Ra3 Qc8 36. Qd7 Qxd7 37. Nxd7 Nc6 38. Nf6+ Kh8 39. Rb7 Ra7 40.
Raxa7 1-0

[Event "Skopje MKD"]
[Site "Skopje MKD"]
[Date "2014.04.03"]
[Round "7.97"]
[White "Atanasov, Sande"]
[Black "Krstev, Emil"]
[Result "0-1"]
[WhiteElo "1897"]
[BlackElo "2156"]
[PlyCount "74"]
[EventDate "2014.03.29"]
[EventType "swiss"]
[EventRounds "9"]

1. e4 e6 2. Nc3 d5 3. d4 Nf6 4. e5 Ng8 5. Nf3 b6 6. a3 a5 7. Bd3 Ba6 8. Bxa6
Nxa6 9. O-O Ne7 10. Bg5 h6 11. Bh4 g5 12. Bg3 Nf5 13. h3 h5 14. Nxg5 Qxg5 15.
Bh2 Rg8 16. g3 c5 17. Ne2 cxd4 18. Qd3 Nc7 19. Qb3 b5 20. Rad1 Bc5 21. Qd3 Qh4
22. Qf3 Qxh3 23. Rd3 Qg4 24. Qg2 Nh4 25. f3 Nxg2 26. fxg4 Ne3 27. Re1 hxg4 28.
Kf2 Na6 29. Rc1 b4 30. a4 Rg5 31. Nxd4 Rxe5 32. c3 bxc3 33. bxc3 Nf5 34. Rcd1
Rb8 35. R1d2 Rb1 36. Bg1 Ree1 37. Bh2 e5 0-1

[Event "Skopje MKD"]
[Site "Skopje MKD"]
[Date "2014.04.03"]
[Round "7.98"]
[White "Balokas, Dimitrios"]
[Black "Batkoski, Nenad"]
[Result "1-0"]
[WhiteElo "2085"]
[BlackElo "1897"]
[PlyCount "64"]
[EventDate "2014.03.29"]
[EventType "swiss"]
[EventRounds "9"]

1. d4 c5 2. d5 e5 3. e4 d6 4. Nc3 f5 5. exf5 Bxf5 6. Bd3 Bxd3 7. Qxd3 Nf6 8.
Bg5 Be7 9. Nge2 O-O 10. O-O e4 11. Qh3 Nxd5 12. Qe6+ Rf7 13. Bxe7 Nxe7 14. Nxe4
Nf5 15. N2g3 Nd4 16. Qd5 Kf8 17. c3 Nb5 18. Ng5 Qd7 19. Nxf7 Qxf7 20. Qd3 c4
21. Qxh7 Nc6 22. Rae1 Ne5 23. Re3 Re8 24. Nf5 Qg8 25. Qxg8+ Kxg8 26. f4 g6 27.
fxe5 gxf5 28. Rxf5 Re7 29. Rg3+ Rg7 30. Rxg7+ Kxg7 31. a4 Nc7 32. exd6 Ne6 1-0

[Event "Skopje MKD"]
[Site "Skopje MKD"]
[Date "2014.04.03"]
[Round "7.99"]
[White "Hoffmann, Max"]
[Black "Vukelic, Zvonimir"]
[Result "1-0"]
[WhiteElo "2063"]
[BlackElo "1875"]
[PlyCount "73"]
[EventDate "2014.03.29"]
[EventType "swiss"]
[EventRounds "9"]

1. Nf3 Nf6 2. c4 c6 3. g3 d5 4. Bg2 e6 5. b3 b6 6. Bb2 Nbd7 7. O-O Be7 8. Nc3
Bb7 9. e3 O-O 10. Qe2 a6 11. d3 c5 12. Rfd1 Qc7 13. Rac1 dxc4 14. bxc4 Bc6 15.
d4 Rfd8 16. d5 exd5 17. cxd5 Bb7 18. Nh4 Ne8 19. Nf5 Nf8 20. h4 Bf6 21. d6 Nxd6
22. Bxb7 Nxb7 23. Nd5 Rxd5 24. Rxd5 Bxb2 25. Qxb2 f6 26. Rcd1 b5 27. h5 h6 28.
Qe2 Qf7 29. Qg4 Kh8 30. Nxh6 gxh6 31. Qf5 Re8 32. Qf4 Qg7 33. a4 Re7 34. Qb8
Kh7 35. Qa8 bxa4 36. Qxa6 Qf7 37. Qxa4 1-0

[Event "Skopje MKD"]
[Site "Skopje MKD"]
[Date "2014.04.03"]
[Round "7.100"]
[White "Ajrula, Adnan"]
[Black "Schleich, Theodor"]
[Result "0-1"]
[WhiteElo "1872"]
[BlackElo "2052"]
[PlyCount "70"]
[EventDate "2014.03.29"]
[EventType "swiss"]
[EventRounds "9"]

1. d4 e6 2. Nf3 b6 3. c4 Bb7 4. Nc3 Bb4 5. Bd2 f5 6. e3 Nf6 7. Qb3 Bxc3 8. Bxc3
O-O 9. Bd3 Qe7 10. O-O-O a5 11. c5 Bd5 12. Bc4 a4 13. Qb4 Nc6 14. Qb5 Na7 15.
Qxa4 b5 16. Bxb5 Nxb5 17. Qxb5 Rfb8 18. Qe2 Rxa2 19. Kd2 Ne4+ 20. Kd3 Nxc3 21.
bxc3 Rxe2 22. Kxe2 Bc4+ 23. Ke1 d6 24. cxd6 cxd6 25. Nd2 Ba6 26. f3 Rc8 27. Rc1
e5 28. Kf2 f4 29. Rhe1 fxe3+ 30. Rxe3 Qh4+ 31. Kg1 exd4 32. Re4 Qf6 33. Rxd4
Qxd4+ 34. cxd4 Rxc1+ 35. Kf2 Rc2 0-1

[Event "Skopje MKD"]
[Site "Skopje MKD"]
[Date "2014.04.03"]
[Round "7.101"]
[White "Mattes, Heinz"]
[Black "Jean, Ludovic"]
[Result "1-0"]
[WhiteElo "2043"]
[BlackElo "1786"]
[PlyCount "135"]
[EventDate "2014.03.29"]
[EventType "swiss"]
[EventRounds "9"]

1. d4 b5 2. Nf3 Bb7 3. e3 e6 4. Bd3 a6 5. b3 c5 6. Bb2 cxd4 7. exd4 Nf6 8. Nbd2
Bd6 9. O-O Qc7 10. Rc1 Nc6 11. c4 b4 12. Qe2 Bf4 13. g3 Bh6 14. d5 Ne7 15. Be5
Qb6 16. c5 Qd8 17. Bxf6 gxf6 18. Ne4 Bxc1 19. Nxf6+ Kf8 20. c6 Nxc6 21. dxc6
Bxc6 22. Nxh7+ Rxh7 23. Bxh7 Bh6 24. Ne5 Bg7 25. Nxc6 dxc6 26. Be4 Qb6 27. Qf3
Rc8 28. Rd1 Qc7 29. Bd3 a5 30. Bc4 Kg8 31. h4 c5 32. Qg4 Rd8 33. Re1 Qe7 34.
Qh5 Rd2 35. Re2 Rxe2 36. Qxe2 Bd4 37. Qg4+ Kf8 38. Kg2 Qc7 39. Qe2 Qe5 40. Qxe5
Bxe5 41. g4 Bd4 42. Kf3 Kg7 43. g5 Kh7 44. h5 Kg7 45. Be2 Kh7 46. Kg3 Kg7 47.
f4 f6 48. Bf3 Bc3 49. Kf2 e5 50. Kg3 exf4+ 51. Kxf4 Be5+ 52. Kf5 Bd4 53. Bd5
Bc3 54. Be6 Bd4 55. g6 Kh6 56. Ke4 Bf2 57. Kd5 Be3 58. Kc6 Bd4 59. Bf5 Kg7 60.
Kb5 Bf2 61. Kxa5 Bd4 62. Ka4 Be3 63. a3 bxa3 64. Kxa3 Bd4 65. Ka4 Bf2 66. Kb5
Be3 67. Kc4 Bd4 68. b4 1-0